1283 1340 1129 1371 1425 1619 1493 1044 1100 1755 1624 1643 1420 1609 1482 1748 1805 1551 1677 1473 1187 1694 1047 1686 1074 1617 1344 1881 1752 1917 1222 2000 1751 1963 1473 1529 1528 1341 1963 1724 1468 1735 1601 1575 1104 1586 1155 1355 1135 1334 1753 1269 1087 1856 1638 1086 1921 1918 1435 1874 1985 1867 1045 1045 1539 1790 1243 1572 1670 1380 1007 1412 1286 1449 1822 1261 1782 1946 1351 1007 1371 1180 1857 1946 1180 1833 1792 1115 1575 1800 1887 1203 1190 1495 1140 1431 1300 1126 1364 BCNSPRNW ULIB Ver.6.0+V

เปลี่ยนเป็นภาษาไทย

Change to English
 แสดงรายละเอียดบรรณานุกรม
  กลับหน้าหลัก

Brief Record : Get Marc (ISO 2709) : E-mail record : QR code < ปิดหน้าต่าง
LEADER : 00000nam 2200000uu 4500
001    13399114519
003     ULIB
008    120411s2547||||th 000 0 tha d
020    ^a9744093234
060  4 ^aWA292^bร134อ 2547
100 0  ^aรติชน พีรยสถ์
245 00 ^aอุบัติเหตุในเด็กปฐมวัย/^cรติชน พีรยสถ์
250    ^aพิมพ์ครั้งที่ 1
260    ^aกรุงเทพฯ:^bสุขภาพใจ,^c2547
300    ^a135 หน้า:^bภาพประกอบ
650  7 ^aอุบัติเหตุ
650  7 ^aเด็กปฐมวัย
945    ^p100^l0^i24778
945    ^p100^l0^i13468
945    ^p100^l0^i13469
945    ^p100^l0^i13471
945    ^p100^l0^i13470
995    ^aกัณชพร
999    ^aใช้งานได้ทุกระบบ
รายการนี้ยังไม่มีแท็ก
คุณยังไม่ได้ล็อกอิน คุณสามารถมีกิจกรรมร่วมกับเว็บไซต์ได้ แต่ต้องล็อกอินก่อน ::
  ล็อกอิน

รายการสื่อสารสนเทศ

ลำดับที่ ประเภท เลขเรียก/บาร์โค้ด สถานที่ สถานะ
1. วิทยาศาสตร์การแพทย์ และสุขภาพ
วิทยาศาสตร์การแพทย์ และสุขภาพ
WA292 ร134อ 2547 ฉ.2 
  Barcode: 13468
ห้องสมุดวิทยาเขตสวรรค์ประชารักษ์
►หนังสือทั่วไป
บนชั้น
2. วิทยาศาสตร์การแพทย์ และสุขภาพ
วิทยาศาสตร์การแพทย์ และสุขภาพ
WA292 ร134อ 2547 ฉ.3 
  Barcode: 13469
ห้องสมุดวิทยาเขตสวรรค์ประชารักษ์
►หนังสือทั่วไป
บนชั้น
3. วิทยาศาสตร์การแพทย์ และสุขภาพ
วิทยาศาสตร์การแพทย์ และสุขภาพ
WA292 ร134อ 2547 ฉ.4 
  Barcode: 13471
ห้องสมุดวิทยาเขตสวรรค์ประชารักษ์
►หนังสือทั่วไป
บนชั้น
4. วิทยาศาสตร์การแพทย์ และสุขภาพ
วิทยาศาสตร์การแพทย์ และสุขภาพ
WA292 ร134อ 2547 ฉ.5 
  Barcode: 13470
ห้องสมุดวิทยาเขตสวรรค์ประชารักษ์
►หนังสือทั่วไป
บนชั้น

รายการใกล้เคียง
    หัวเรื่อง [อุบัติเหตุ]
    หัวเรื่อง [เด็กปฐมวัย]

BibComment


ยังไม่เคยถูกคอมเมนท์

คอมเมนท์ทรัพยากรรายการนี้
  คอมเมนท์: อุบัติเหตุในเด็ก..


 Copyright 2026. Bcnsprnw @Library